000 00455nam a2200145Ia 4500
008 100415s9999 xx 000 0 und d
082 _b1431
_a582.16(54)
100 _aBiscoe WF
245 _aA List of Trees and Shrubs of the Indore State
260 _aBOMBAY
_c1954
_bFOREST DEPARTMENT OF STATE
365 _b0
630 _aA List of Trees and Shrubs of the Indore State
730 _aA List of Trees and Shrubs of the Indore State
942 _cBOOK
999 _c584487
_d584484